Nefinančné vykazovanie vo výročných správach diplomová práca

Salvato in:
Dettagli Bibliografici
Autore principale: Bohash, Yana
Ente Autore: Fakulta hospodárskej informatiky EU. Katedra účtovníctva a audítorstva
Altri autori: Kubaščíková, Zuzana, 1982-
Natura: Libro
Lingua:slovacco
Pubblicazione: Bratislava 2023
Tags: Aggiungi Tag
Nessun Tag, puoi essere il primo ad aggiungerne!!

MARC

LEADER 00000nbm a2200000 4500
001 0294052
005 20240209093125.9
041 0 |a slo 
044 |a SK 
245 1 0 |a Nefinančné vykazovanie vo výročných správach  |b diplomová práca  |c Yana Bohash ; školiteľ: Zuzana Kubaščíková 
264 1 |a Bratislava  |c 2023 
300 |a 86 s. 
100 1 |a Bohash, Yana 
700 1 |a Kubaščíková, Zuzana, 1982- 
710 2 |a Fakulta hospodárskej informatiky EU. Katedra účtovníctva a audítorstva